Và Ý nghĩa cuộc sống 5

שמור ב:
מידע ביבליוגרפי
פורמט: ספר
שפה:Vietnamese
יצא לאור: Tp. Hồ Chí Minh Tổng hợp TP. Hồ Chí Minh ;Công ty Văn hoá Sáng tạo Trí Việt 2017
סדרה:Hạt giống tâm hồn
נושאים:
תגים: הוספת תג
אין תגיות, היה/י הראשונ/ה לתייג את הרשומה!
Thư viện lưu trữ: Trung tâm Học liệu Lê Vũ Hùng, Trường Đại học Đồng Tháp
LEADER 00923pam a22002538a 4500
001 00041262
005 20180410090453.0
008 141029s2014 ||||||viesd
020 # # |a 978 604 58 2101 5  |c 42000 
041 0 # |a vie 
082 1 4 |a 158.1  |b V100Y 
245 1 0 |a Và Ý nghĩa cuộc sống 5  |c Nhiều tác giả, First News (tổng hợp, thực hiện) 
260 # # |a Tp. Hồ Chí Minh  |b Tổng hợp TP. Hồ Chí Minh ;Công ty Văn hoá Sáng tạo Trí Việt  |c 2017 
300 # # |a 167 tr.  |c 21 cm. 
490 # # |a Hạt giống tâm hồn 
653 # # |a Con người 
653 # # |a Điều bình dị 
653 # # |a Kỹ năng sống 
653 # # |a Nhân cách 
653 # # |a Tâm hồn 
653 # # |a Ý nghĩa 
852 # # |j KD.0023395  |j KM.0024474 
910 |d 10/04/2018 
980 # # |a Trung tâm Học liệu Lê Vũ Hùng, Trường Đại học Đồng Tháp